Visualizzazione normale
Vista MARC
- Stockhausen Karlheinz
di Personal Name
Records bibliografici associati: 1
001 - CONTROL NUMBER
- control field: 4503
003 - CONTROL NUMBER IDENTIFIER
- control field: IT-RoPau
005 - DATE AND TIME OF LATEST TRANSACTION
- control field: 20131129160025.0
008 - FIXED-LENGTH DATA ELEMENTS
- fixed length control field: 131129|| aca||aabn | a|a d
040 ## - CATALOGING SOURCE
- Original cataloging agency: IT-RoPau
- Transcribing agency: IT-RoPau
100 ## - HEADING--PERSONAL NAME
- Personal name: Stockhausen Karlheinz
- Relator term: Codice autore musica SPICS: 989
- Dates associated with a name: Am Himmel Wandre Ich... per mezzosoprano e tenore - Trans, per orchestra e nastro magnetico
670 ## - SOURCE DATA FOUND
- Source citation: Work cat.: (IT-RoPau)99107: AA.VV. 794, Biennale musica 1982: numero e suono (3)